Sports Quiz

Random Sports or Soccer Quiz

Darius Vassell's Life Quiz Stats

 Plays Quiz not verified by Sporcle

Score 0/15 Timer 10:00
0 Plays Today
Question Answer % Correct
Year of birth1980
78.9%
International caps22
74.6%
Current shirt number13
73.2%
First clubAston Villa
71.8%
Year of professional debut1998
53.5%
Countries scored against on international dutyIceland
53.5%
Other country played inTurkey
47.9%
Current clubLeicester City
38%
Question Answer % Correct
Transfer fee to Manchester City£2million
25.4%
First international goal againstNetherlands
22.5%
Career total goals77
14.1%
Place of birthSutton Coldfield
12.7%
Tournament(s) wonIntertoto Cup
11.3%
Middle nameClarke
9.9%
International goals6
8.5%

You're not logged in!

Compare scores with friends on all Sporcle quizzes.
OR
Log In

Show Comments

Extras

Top Quizzes Today


Score Distribution

Your Account Isn't Verified!

In order to create a playlist on Sporcle, you need to verify the email address you used during registration. Go to your Sporcle Settings to finish the process.

Report this User

Report this user for behavior that violates our Community Guidelines.

Details: